Catálogo de la Biblioteca Horacio González - Universidad Nacional de General Sarmiento

La democracia atrapada : (Registro nro. 17725)

Detalles MARC
000 -CABECERA
campo de control de longitud fija 01462nam a22003610a 4500
001 - NÚMERO DE CONTROL
campo de control PT18681
003 - IDENTIFICADOR DEL NÚMERO DE CONTROL
campo de control AR-LpoUNG
005 - FECHA Y HORA DE LA ÚLTIMA TRANSACCIÓN
campo de control 20241219134839.0
008 - DATOS DE LONGITUD FIJA--INFORMACIÓN GENERAL
campo de control de longitud fija 191001s2004||||ag |||||||||||||||||spa d
020 ## - NÚMERO INTERNACIONAL ESTÁNDAR DEL LIBRO
Número Internacional Estándar del Libro 9507864342
Condiciones de disponibilidad $27.00
040 ## - FUENTE DE LA CATALOGACIÓN
Centro catalogador/agencia de origen AR-LpoUNG
Lengua de catalogación spa
Centro/agencia transcriptor AR-LpoUNG
Normas de descripción aacr
041 0# - CÓDIGO DE LENGUA
Código de lengua del texto/banda sonora o título independiente spa
044 ## - CÓDIGO DEL PAÍS DE LA ENTIDAD EDITORA/PRODUCTORA
Código MARC del país ag
082 0# - NÚMERO DE LA CLASIFICACIÓN DECIMAL DEWEY
Número de clasificación 320.01 592dem
100 1# - ENTRADA PRINCIPAL--NOMBRE DE PERSONA
Nombre de persona Flax, Javier
245 13 - MENCIÓN DE TÍTULO
Título La democracia atrapada :
Resto del título una crítica del decisionismo
250 ## - MENCIÓN DE EDICIÓN
Mención de edición 1ra. ed.
260 ## - PUBLICACIÓN, DISTRIBUCIÓN, ETC.
Lugar de publicación, distribución, etc. Buenos Aires :
Nombre del editor, distribuidor, etc. Biblos,
Fecha de publicación, distribución, etc. 2004.
300 ## - DESCRIPCIÓN FÍSICA
Extensión 244 p. :
Otras características físicas il.
520 ## - SUMARIO, ETC.
Sumario, etc. Se propone cuestionar las diferentes expresiones del decisionismo, e indagar en qué medida la concepción constructivista institucionalista de la justicia brinda una idea alternativa de la racionalidad y la política que psobilita la fundamentación del orden político más equitativo y menos autoritario.
590 ## - NOTA LOCAL (RLIN)
Procedencia (VM) [OBSOLETO] Ejemplar 00066411, p. 142-143,
Nota local contiene : constancia de asistencia al acto eleccionario de la Universidad, con fecha del 04/05/06. En el reverso del papel se lee, escrita en lápiz, la siguiente frase: “la izq. (sic) argentina no da cuenta de franceses”.<br/>
650 #4 - PUNTO DE ACCESO ADICIONAL DE MATERIA--TÉRMINO DE MATERIA
Término de materia o nombre geográfico como elemento de entrada DEMOCRATIZACION
650 #4 - PUNTO DE ACCESO ADICIONAL DE MATERIA--TÉRMINO DE MATERIA
Término de materia o nombre geográfico como elemento de entrada DERECHOS CIVILES
650 #4 - PUNTO DE ACCESO ADICIONAL DE MATERIA--TÉRMINO DE MATERIA
Término de materia o nombre geográfico como elemento de entrada ESTADO
650 #4 - PUNTO DE ACCESO ADICIONAL DE MATERIA--TÉRMINO DE MATERIA
Término de materia o nombre geográfico como elemento de entrada LIBERTAD
650 #4 - PUNTO DE ACCESO ADICIONAL DE MATERIA--TÉRMINO DE MATERIA
Término de materia o nombre geográfico como elemento de entrada PODER POLITICO
650 #4 - PUNTO DE ACCESO ADICIONAL DE MATERIA--TÉRMINO DE MATERIA
Término de materia o nombre geográfico como elemento de entrada TOMA DE DECISIONES
650 #4 - PUNTO DE ACCESO ADICIONAL DE MATERIA--TÉRMINO DE MATERIA
Término de materia o nombre geográfico como elemento de entrada FILOSOFIA POLITICA
653 #0 - TÉRMINO DE INDIZACIÓN--NO CONTROLADO
Término no controlado ESTADO DE NATURALEZA
653 #0 - TÉRMINO DE INDIZACIÓN--NO CONTROLADO
Término no controlado SOBERANO
905 ## - ELEMENTOS DE DATOS E LOCAL, LDE (RLIN)
a 18681
942 ## - ELEMENTOS DE PUNTO DE ACCESO ADICIONAL (KOHA)
Tipo de ítem Koha Libro
Fuente del sistema de clasificación o colocación Dewey Decimal Classification
Existencias
Estado de retiro Estado de pérdida Estado dañado No para préstamo Código de colección Localización permanente Ubicación/localización actual Fecha de adquisición Total de préstamos Signatura topográfica completa Código de barras Fecha visto por última vez Fecha del último préstamo Precio válido a partir de Tipo de ítem Koha Renovaciones totales Fuente del sistema de clasificación o colocación
        Colección General Biblioteca Universidad Nacional de General Sarmiento Biblioteca Universidad Nacional de General Sarmiento 31/01/2021 4 320.01 592dem 00020562 03/04/2025 27/03/2025 31/01/2021 Libro    
        Colección General Biblioteca Universidad Nacional de General Sarmiento Biblioteca Universidad Nacional de General Sarmiento 31/01/2021 2 320.01 592dem 00020581 15/02/2023 22/11/2022 31/01/2021 Libro 1  
        Colección General Biblioteca Universidad Nacional de General Sarmiento Biblioteca Universidad Nacional de General Sarmiento 31/01/2021 3 320.01 592dem 00026345 11/02/2025 09/12/2024 31/01/2021 Libro 1  
        Colección General Biblioteca Universidad Nacional de General Sarmiento Biblioteca Universidad Nacional de General Sarmiento 31/01/2021   320.01 592dem S00020582 31/01/2021   31/01/2021 Lectura en Sala    
        Colección José Pablo Martín Biblioteca Universidad Nacional de General Sarmiento Biblioteca Universidad Nacional de General Sarmiento 07/02/2022 7 320.01 592dem 00066411 18/11/2025 12/11/2025 07/02/2022 Libro 1 Dewey Decimal Classification